Find the year of this Ballon d'Or winner - Statistiques

Statistiques générales
  • Ce quiz a été pris 29 fois
  • Le résultat moyen est 60 sur 68
Statistiques - réponses
Hint Réponse % Correct
Marco Van Basten (2) 1989
92%
Jean-Pierre Papin 1991
92%
Marco Van Basten (3) 1992
92%
Hristo Stoichkov 1994
92%
Luis Figo 2000
92%
Lionel Messi (1) 2009
92%
Lionel Messi (2) 2010
92%
Lionel Messi (3) 2011
92%
Lionel Messi (4) 2012
92%
Luka Modric 2018
92%
Lionel Messi (6) 2019
92%
Lionel Messi (7) 2021
92%
Lionel Messi (8) 2023
92%
Rodri 2024
92%
Stanley Matthews 1956
88%
Alfredo Di Stéfano (1) 1957
88%
Raymond Kopa 1958
88%
Alfredo Di Stéfano (2) 1959
88%
Luis Suárez 1960
88%
Johan Cruyff (1) 1971
88%
Franz Beckenbauer (1) 1972
88%
Johan Cruyff (3) 1974
88%
Paolo Rossi 1982
88%
Michel Platini (2) 1984
88%
Michel Platini (3) 1985
88%
Ruud Gullit 1987
88%
Marco Van Basten (1) 1988
88%
Lothar Matthaus 1990
88%
George Weah 1995
88%
Matthias Sammer 1996
88%
Ronaldo (1) 1997
88%
Zinédine Zidane 1998
88%
Rivaldo 1999
88%
Michael Owen 2001
88%
Ronaldo (2) 2002
88%
Pavel Nedved 2003
88%
Ronaldinho 2005
88%
Fabio Cannavaro 2006
88%
Ricardo Kaka 2007
88%
Cristiano Ronaldo (1) 2008
88%
Cristiano Ronaldo (2) 2013
88%
Cristiano Ronaldo (3) 2014
88%
Lionel Messi (5) 2015
88%
Cristiano Ronaldo (4) 2016
88%
Cristiano Ronaldo (5) 2017
88%
Karim Benzema 2022
88%
Lev Yachine 1963
85%
Denis Law 1964
85%
Bobby Charlton 1966
85%
Flórián Albert 1967
85%
Gianni Rivera 1969
85%
Gerd Müller 1970
85%
Johan Cruyff (2) 1973
85%
Oleg Blokhine 1975
85%
Kevin Keegan (1) 1978
85%
Kevin Keegan (2) 1979
85%
Michel Platini (1) 1983
85%
Igor Belanov 1986
85%
Roberto Baggio 1993
85%
Andriy Chevtchenko 2004
85%
Omar Sívori 1961
81%
Josef Masopust 1962
81%
Eusébio 1965
81%
George Best 1968
81%
Franz Beckenbauer (2) 1976
81%
Allan Simonsen 1977
81%
Karl-Heinz Rummenigge (2) 1981
81%
Karl-Heinz Rummenigge (1) 1980
77%
Aucun quiz correspondant
Distribution des résultats
% des personnes avec chaque résultat
Percentile par nombre de réponses
Votre historique - résultats
Vous n’avez pas pris ce quiz